Elenco comuni italiani -Lettera L - Statistics

Statistiche generali
  • Questo quiz è stato fatto 30 volte
  • Il punteggio medio è 47 su 295
Statistiche sulle risposte
Comune Provincia Regione Abitanti % Corretto
L'Aquila (capoluogo di provincia) Abruzzo 69349
100%
Lecco (capoluogo di provincia) Lombardia 47454
95%
Livo Como Lombardia 164
95%
Livo Trento Trentino-Alto Adige 164
95%
Lodi (capoluogo di provincia) Lombardia 44815
95%
Lucca (capoluogo di provincia) Toscana 89378
95%
La Spezia (capoluogo di provincia) Liguria 92441
90%
Latina (capoluogo di provincia) Lazio 127560
90%
Lecce (capoluogo di provincia) Puglia 95037
90%
Livorno (capoluogo di provincia) Toscana 155370
90%
Lugo Ravenna Emilia-Romagna 31934
75%
Lago Cosenza Calabria 2318
70%
Lanciano Chieti Abruzzo 34410
70%
Lentini Siracusa Sicilia 22106
70%
Licata Agrigento Sicilia 34671
70%
Ladispoli Roma Lazio 40160
65%
Lamezia Terme Catanzaro Calabria 67569
65%
Legnano Milano Lombardia 59855
65%
Luino Varese Lombardia 14207
65%
Latisana Udine Friuli-Venezia Giulia 13268
60%
Locri Reggio Calabria Calabria 11925
60%
Lagonegro Potenza Basilicata 5192
55%
Lasa Bolzano Trentino-Alto Adige 4107
55%
Lavagna Genova Liguria 12352
55%
Leffe Bergamo Lombardia 4300
55%
Leno Brescia Lombardia 14187
55%
Lerici Spezia Liguria 9648
55%
Loreto Ancona Marche 12825
55%
La Maddalena Gallura Nord-Est Sardegna Sardegna 10722
50%
Legnago Verona Veneto 25443
50%
Lumezzane Brescia Lombardia 21669
50%
Lampedusa e Linosa Agrigento Sicilia 6337
45%
Limone sul Garda Brescia Lombardia 1164
45%
Loano Savona Liguria 10866
45%
Laterza Taranto Puglia 14944
40%
Lazise Verona Veneto 6901
40%
Limbiate Monza e della Brianza Lombardia 34707
40%
Lonato del Garda Brescia Lombardia 16821
40%
Lauria Potenza Basilicata 12166
35%
Lenta Vercelli Piemonte 797
35%
Leonessa Rieti Lazio 2141
35%
Lignano Sabbiadoro Udine Friuli-Venezia Giulia 6870
35%
Limone Piemonte Cuneo Piemonte 1440
35%
Lipari Messina Sicilia 12266
35%
Lissone Monza e della Brianza Lombardia 46147
35%
Locorotondo Bari Puglia 14066
35%
Lodi Vecchio Lodi Lombardia 7589
35%
Lainate Milano Lombardia 26137
30%
Laives Bolzano Trentino-Alto Adige 18178
30%
Lana Bolzano Trentino-Alto Adige 12567
30%
Lanuvio Roma Lazio 12851
30%
La Salle Aosta Valle d'Aosta 2007
30%
La Valle Bolzano Trentino-Alto Adige 1380
30%
Lei Nuoro Sardegna 474
30%
Lentate sul Seveso Monza e della Brianza Lombardia 15785
30%
Livigno Sondrio Lombardia 6887
30%
Lizzano Taranto Puglia 9626
30%
Longarone Belluno Veneto 5119
30%
Lonigo Vicenza Veneto 15928
30%
Lusia Rovigo Veneto 3398
30%
Labico Roma Lazio 6333
25%
Lanusei Ogliastra Sardegna 5154
25%
Lariano Roma Lazio 13191
25%
Leini Torino Piemonte 16309
25%
Lendinara Rovigo Veneto 11517
25%
Lesina Foggia Puglia 6200
25%
Limena Padova Veneto 8055
25%
Locate di Triulzi Milano Lombardia 10290
25%
Lucera Foggia Puglia 31765
25%
Lacchiarella Milano Lombardia 9060
20%
Lajatico Pisa Toscana 1272
20%
La Morra Cuneo Piemonte 2717
20%
Langhirano Parma Emilia-Romagna 10599
20%
Latronico Potenza Basilicata 4173
20%
Laurito Salerno Campania 729
20%
Lavello Potenza Basilicata 13139
20%
Lavis Trento Trentino-Alto Adige 9119
20%
Lazzate Monza e della Brianza Lombardia 7763
20%
Lenna Bergamo Lombardia 560
20%
Lesmo Monza e della Brianza Lombardia 8465
20%
Levate Bergamo Lombardia 3717
20%
Liscate Milano Lombardia 4042
20%
Londa Firenze Toscana 1833
20%
Longare Vicenza Veneto 5618
20%
Luzzara Reggio Emilia Emilia-Romagna 8520
20%
Lacedonia Avellino Campania 2107
15%
Lallio Bergamo Lombardia 4146
15%
Lamon Belluno Veneto 2699
15%
Lastebasse Vicenza Veneto 184
15%
La Thuile Aosta Valle d'Aosta 819
15%
La Valle Agordina Belluno Veneto 1067
15%
Lavarone Trento Trentino-Alto Adige 1186
15%
Lavenone Brescia Lombardia 486
15%
Legnaro Padova Veneto 9221
15%
Lequile Lecce Puglia 8708
15%
Letojanni Messina Sicilia 2757
15%
Levico Terme Trento Trentino-Alto Adige 8003
15%
Linguaglossa Catania Sicilia 5098
15%
Livinallongo del Col di Lana Belluno Veneto 1315
15%
Lodè Nuoro Sardegna 1638
15%
Lodrino Brescia Lombardia 1631
15%
Lograto Brescia Lombardia 3795
15%
Lomazzo Como Lombardia 9998
15%
Longhena Brescia Lombardia 562
15%
Longi Messina Sicilia 1348
15%
Loreggia Padova Veneto 7636
15%
Losine Brescia Lombardia 607
15%
Lovere Bergamo Lombardia 5046
15%
Lozio Brescia Lombardia 377
15%
Lozzo Atestino Padova Veneto 2984
15%
Lozzo di Cadore Belluno Veneto 1286
15%
Luni La Spezia Liguria 8236
15%
Lupara Campobasso Molise 440
15%
Lusiana Conco Vicenza Veneto 4600
15%
La Cassa Torino Piemonte 1766
10%
Lacco Ameno Napoli Campania 4641
10%
Laghi Vicenza Veneto 125
10%
Laglio Como Lombardia 891
10%
Lagundo Bolzano Trentino-Alto Adige 5081
10%
Laigueglia Savona Liguria 1712
10%
La Loggia Torino Piemonte 8783
10%
La Magdeleine Aosta Valle d'Aosta 108
10%
Lapio Avellino Campania 1452
10%
Larino Campobasso Molise 6452
10%
Lastra a Signa Firenze Toscana 19814
10%
Lavagno Verona Veneto 8609
10%
Ledro Trento Trentino-Alto Adige 5248
10%
Leni Messina Sicilia 689
10%
Lenola Latina Lazio 4075
10%
Leonforte Enna Sicilia 12583
10%
Lequio Tanaro Cuneo Piemonte 746
10%
Lerma Alessandria Piemonte 823
10%
Levanto Spezia Liguria 5263
10%
Limana Belluno Veneto 5309
10%
Liscia Chieti Abruzzo 668
10%
Lizzanello Lecce Puglia 11889
10%
Lizzano in Belvedere Bologna Emilia-Romagna 2161
10%
Lomello Pavia Lombardia 2042
10%
Lorenzago di Cadore Belluno Veneto 557
10%
Loria Treviso Veneto 9272
10%
Lorsica Genova Liguria 417
10%
Lucignano Arezzo Toscana 3458
10%
Lugo di Vicenza Vicenza Veneto 3593
10%
Luserna Trento Trentino-Alto Adige 268
10%
Luzzi Cosenza Calabria 8754
10%
Lagosanto Ferrara Emilia-Romagna 4760
5%
Laino Como Lombardia 536
5%
Laino Borgo Cosenza Calabria 1769
5%
Laino Castello Cosenza Calabria 787
5%
Laion Bolzano Trentino-Alto Adige 2717
5%
Lama Mocogno Modena Emilia-Romagna 2656
5%
Lamporecchio Pistoia Toscana 7372
5%
Lanzo Torinese Torino Piemonte 4878
5%
Lapedona Fermo Marche 1160
5%
Laterina Pergine Valdarno Arezzo Toscana 6502
5%
Latiano Brindisi Puglia 13767
5%
Laureana Cilento Salerno Campania 1182
5%
Laurenzana Potenza Basilicata 1642
5%
Laurino Salerno Campania 1339
5%
Lauro Avellino Campania 3303
5%
La Valletta Brianza Lecco Lombardia 4646
5%
Laviano Salerno Campania 1360
5%
Leporano Taranto Puglia 8069
5%
Lesignano de' Bagni Parma Emilia-Romagna 5033
5%
Lettere Napoli Campania 6055
5%
Leverano Lecce Puglia 13748
5%
Liberi Caserta Campania 1061
5%
Lillianes Aosta Valle d'Aosta 446
5%
Limatola Benevento Campania 4072
5%
Limina Messina Sicilia 735
5%
Limosano Campobasso Molise 711
5%
Lipomo Como Lombardia 5950
5%
Liveri Napoli Campania 1516
5%
Livorno Ferraris Vercelli Piemonte 4183
5%
Lomagna Lecco Lombardia 5065
5%
Lonate Pozzolo Varese Lombardia 11483
5%
Longiano Forlì-Cesena Emilia-Romagna 7219
5%
Longobardi Cosenza Calabria 2259
5%
Loreo Rovigo Veneto 3326
5%
Lozza Varese Lombardia 1225
5%
Lucca Sicula Agrigento Sicilia 1730
5%
Luogosano Avellino Campania 1094
5%
Luogosanto Gallura Nord-Est Sardegna Sardegna 1821
5%
Lusciano Caserta Campania 15579
5%
Luson Bolzano Trentino-Alto Adige 1553
5%
Lustra Salerno Campania 1001
5%
Luzzana Bergamo Lombardia 882
5%
Labro Rieti Lazio 375
0%
Laces Bolzano Trentino-Alto Adige 5286
0%
Laconi Oristano Sardegna 1691
0%
Laerru Sassari Sardegna 872
0%
Laganadi Reggio Calabria Calabria 378
0%
Lagnasco Cuneo Piemonte 1460
0%
Lama dei Peligni Chieti Abruzzo 1102
0%
Lambrugo Como Lombardia 2529
0%
Lamporo Vercelli Piemonte 509
0%
Landiona Novara Piemonte 546
0%
Landriano Pavia Lombardia 6420
0%
Langosco Pavia Lombardia 367
0%
Lanzada Sondrio Lombardia 1281
0%
Lappano Cosenza Calabria 893
0%
Larciano Pistoia Toscana 6279
0%
Lardirago Pavia Lombardia 1139
0%
Lascari Palermo Sicilia 3656
0%
Lasnigo Como Lombardia 462
0%
Las Plassas Medio Campidano Sardegna 219
0%
Latera Viterbo Lazio 775
0%
Lattarico Cosenza Calabria 3799
0%
Lauco Udine Friuli-Venezia Giulia 678
0%
Laureana di Borrello Reggio Calabria Calabria 4716
0%
Lauregno Bolzano Trentino-Alto Adige 337
0%
Lauriano Torino Piemonte 1422
0%
Lavena Ponte Tresa Varese Lombardia 5812
0%
Laveno-Mombello Varese Lombardia 8380
0%
Lecce nei Marsi L'Aquila Abruzzo 1569
0%
Leggiuno Varese Lombardia 3632
0%
Leivi Genova Liguria 2383
0%
Lemie Torino Piemonte 185
0%
Lentella Chieti Abruzzo 651
0%
Lequio Berria Cuneo Piemonte 452
0%
Lercara Friddi Palermo Sicilia 6340
0%
Lesa Novara Piemonte 2165
0%
Lesegno Cuneo Piemonte 816
0%
Lessolo Torino Piemonte 1795
0%
Lessona Biella Piemonte 2642
0%
Lestizza Udine Friuli-Venezia Giulia 3674
0%
Letino Caserta Campania 646
0%
Lettomanoppello Pescara Abruzzo 2767
0%
Lettopalena Chieti Abruzzo 325
0%
Levice Cuneo Piemonte 201
0%
Levone Torino Piemonte 429
0%
Lezzeno Como Lombardia 1996
0%
Librizzi Messina Sicilia 1586
0%
Licciana Nardi Massa-Carrara Toscana 4804
0%
Licenza Roma Lazio 880
0%
Licodia Eubea Catania Sicilia 2794
0%
Lierna Lecco Lombardia 2122
0%
Lignana Vercelli Piemonte 526
0%
Limbadi Vibo Valentia Calabria 3327
0%
Limido Comasco Como Lombardia 3860
0%
Linarolo Pavia Lombardia 2817
0%
Lioni Avellino Campania 6009
0%
Lisciano Niccone Perugia Umbria 590
0%
Lisio Cuneo Piemonte 189
0%
Livraga Lodi Lombardia 2455
0%
Loazzolo Asti Piemonte 319
0%
Locana Torino Piemonte 1382
0%
Locatello Bergamo Lombardia 837
0%
Locate Varesino Como Lombardia 4278
0%
Loceri Ogliastra Sardegna 1265
0%
Loculi Nuoro Sardegna 504
0%
Lodine Nuoro Sardegna 309
0%
Loiano Bologna Emilia-Romagna 4328
0%
Loiri Porto San Paolo Gallura Nord-Est Sardegna Sardegna 3551
0%
Lombardore Torino Piemonte 1669
0%
Lombriasco Torino Piemonte 1066
0%
Lona-Lases Trento Trentino-Alto Adige 870
0%
Lonate Ceppino Varese Lombardia 5052
0%
Longano Isernia Molise 659
0%
Longobucco Cosenza Calabria 2774
0%
Longone al Segrino Como Lombardia 1929
0%
Longone Sabino Rieti Lazio 553
0%
Loranzè Torino Piemonte 1149
0%
Loreglia Verbano-Cusio-Ossola Piemonte 226
0%
Loreto Aprutino Pescara Abruzzo 7164
0%
Loro Ciuffenna Arezzo Toscana 5837
0%
Loro Piceno Macerata Marche 2203
0%
Lotzorai Ogliastra Sardegna 2100
0%
Lovero Sondrio Lombardia 633
0%
Lozzolo Vercelli Piemonte 800
0%
Lubriano Viterbo Lazio 890
0%
Lucinasco Imperia Liguria 275
0%
Lucito Campobasso Molise 642
0%
Luco dei Marsi L'Aquila Abruzzo 6047
0%
Lucoli L'Aquila Abruzzo 873
0%
Lu e Cuccaro Monferrato Alessandria Piemonte 1338
0%
Lugagnano Val d'Arda Piacenza Emilia-Romagna 3857
0%
Lugnano in Teverina Terni Umbria 1429
0%
Luisago Como Lombardia 2738
0%
Lula Nuoro Sardegna 1277
0%
Lumarzo Genova Liguria 1475
0%
Lunamatrona Medio Campidano Sardegna 1634
0%
Lunano Pesaro e Urbino Marche 1465
0%
Lungavilla Pavia Lombardia 2445
0%
Lungro Cosenza Calabria 2264
0%
Lurago d'Erba Como Lombardia 5386
0%
Lurago Marinone Como Lombardia 2570
0%
Lurano Bergamo Lombardia 2812
0%
Luras Gallura Nord-Est Sardegna Sardegna 2466
0%
Lurate Caccivio Como Lombardia 9742
0%
Luserna San Giovanni Torino Piemonte 7096
0%
Lusernetta Torino Piemonte 492
0%
Lusevera Udine Friuli-Venezia Giulia 605
0%
Lusigliè Torino Piemonte 547
0%
Luvinate Varese Lombardia 1292
0%
Nessun quiz corrispondente trovato
Distribuzione punteggi
Percentuale di utenti per punteggio
Percentile per numero di risposta
I tuoi punteggi nel tempo
Non hai fatto questo quiz